Normal view
MARC view
- Zhu, Hao-Wie.
Entry Personal Name
001 - CONTROL NUMBER
- control field: 61004
003 - CONTROL NUMBER IDENTIFIER
- control field: OSt
005 - DATE AND TIME OF LATEST TRANSACTION
- control field: 20240913165840.0
008 - FIXED-LENGTH DATA ELEMENTS
- fixed length control field: 240913|| aca||aabn | a|a d
040 ## - CATALOGING SOURCE
- Original cataloging agency: OSt
- Transcribing agency: OSt
100 ## - HEADING--PERSONAL NAME
- Personal name: Zhu, Hao-Wie.
- Relator term: author.
670 ## - SOURCE DATA FOUND
- Source citation: Work cat.: (OSt): Xiang, Ling. author. 61003, Impact of wind power penetration on wind-thermal-bundle transimission system /, December 2022.
